<?xml version="1.0" encoding="UTF-8"?>
<record
    xmlns:xsi="http://www.w3.org/2001/XMLSchema-instance"
    xsi:schemaLocation="http://www.loc.gov/MARC21/slim http://www.loc.gov/standards/marcxml/schema/MARC21slim.xsd"
    xmlns="http://www.loc.gov/MARC21/slim">

  <leader>02063nam a22003017a 4500</leader>
  <controlfield tag="001">9390</controlfield>
  <controlfield tag="003">FISKH</controlfield>
  <controlfield tag="005">20251218111019.0</controlfield>
  <controlfield tag="008">251218b        cb ||||| |||| 00| 0 eng d</controlfield>
  <datafield tag="020" ind1=" " ind2=" ">
    <subfield code="a">9789995053970</subfield>
  </datafield>
  <datafield tag="040" ind1=" " ind2=" ">
    <subfield code="a">FISKH</subfield>
    <subfield code="b">khr</subfield>
    <subfield code="c">FISKH</subfield>
    <subfield code="d">FISKH</subfield>
  </datafield>
  <datafield tag="050" ind1=" " ind2=" ">
    <subfield code="a">PZ7</subfield>
  </datafield>
  <datafield tag="082" ind1=" " ind2=" ">
    <subfield code="a">895.93</subfield>
  </datafield>
  <datafield tag="100" ind1=" " ind2=" ">
    <subfield code="a">Pisotheary , Keo</subfield>
  </datafield>
  <datafield tag="245" ind1=" " ind2=" ">
    <subfield code="a">&#x1781;&#x17C4;&#x17A2;&#x17B6;&#x179C;&#x1790;&#x17D2;&#x1798;&#x17B8;&#x1781;&#x17D2;&#x1789;&#x17BB;&#x17C6; / </subfield>
    <subfield code="c">&#x17A2;&#x17D2;&#x1793;&#x1780;&#x1793;&#x17B7;&#x1796;&#x1793;&#x17D2;&#x1792; &#x179B;&#x17C4;&#x1780;&#x179F;&#x17D2;&#x179A;&#x17B8;&#x200B;&#x1780;&#x17C2;&#x179C; &#x1796;&#x17B7;&#x179F;&#x17BB;&#x1791;&#x17D2;&#x1792;&#x17B6;&#x179A;&#x17B8; , &#x17A2;&#x17D2;&#x1793;&#x1780;&#x179A;&#x17C0;&#x1794;&#x179A;&#x17C0;&#x1784; &#x17A2;&#x1784;&#x17D2;&#x1782;&#x1780;&#x17B6;&#x179A;&#x179A;&#x17BC;&#x1798;&#x1792;&#x17BC;&#x179A;&#x17B8;&#x178F;&#x1780;&#x1798;&#x17D2;&#x1796;&#x17BB;&#x1787;&#x17B6;&#x200B;</subfield>
  </datafield>
  <datafield tag="260" ind1=" " ind2=" ">
    <subfield code="a">&#x1797;&#x17D2;&#x1793;&#x17C6;&#x1796;&#x17C1;&#x1789; : </subfield>
    <subfield code="b">&#x17A2;&#x1784;&#x17D2;&#x1782;&#x1780;&#x17B6;&#x179A;&#x179A;&#x17BC;&#x1798;&#x1792;&#x17BC;&#x179A;&#x17B8;&#x178F;&#x1780;&#x1798;&#x17D2;&#x1796;&#x17BB;&#x1787;&#x17B6;&#x200B; ,</subfield>
    <subfield code="c">2011. </subfield>
  </datafield>
  <datafield tag="300" ind1=" " ind2=" ">
    <subfield code="a">14 pages : </subfield>
    <subfield code="b">color illustrations ; </subfield>
    <subfield code="c">25 cm . </subfield>
  </datafield>
  <datafield tag="505" ind1=" " ind2=" ">
    <subfield code="a">G 
</subfield>
  </datafield>
  <datafield tag="520" ind1=" " ind2=" ">
    <subfield code="a">&#x1787;&#x17B7;&#x178F;&#x178A;&#x179B;&#x17CB;&#x1790;&#x17D2;&#x1784;&#x17C3;&#x1794;&#x17BB;&#x178E;&#x17D2;&#x1799;&#x1785;&#x17BC;&#x179B;&#x1786;&#x17D2;&#x1793;&#x17B6;&#x17C6;&#x1790;&#x17D2;&#x1798;&#x17B8; &#x1794;&#x1784;&#x179F;&#x17D2;&#x179A;&#x17B8;&#x1794;&#x17B6;&#x1793;&#x1791;&#x17B7;&#x1789;&#x1781;&#x17C4;&#x17A2;&#x17B6;&#x179C;&#x1790;&#x17D2;&#x1798;&#x17B8;&#x17A2;&#x17C4;&#x1799;&#x1781;&#x17D2;&#x1789;&#x17BB;&#x17C6; &#x17D4; &#x1781;&#x17D2;&#x1789;&#x17BB;&#x17C6;&#x179F;&#x17D2;&#x179A;&#x179B;&#x17B6;&#x1789;&#x17CB;&#x17A2;&#x17B6;&#x179C;&#x1796;&#x178E;&#x17CF;&#x1793;&#x17C1;&#x17C7;&#x178E;&#x17B6;&#x179F;&#x17CB; &#x1794;&#x17C9;&#x17BB;&#x1793;&#x17D2;&#x178F;&#x17C2;&#x179C;&#x17B6;&#x1792;&#x17C6;&#x1796;&#x17C1;&#x1780; &#x17D4;&#x200B; &#x1785;&#x1784;&#x17D2;&#x1780;&#x17C1;&#x17C7;&#x1781;&#x17C4;&#x178F;&#x17D2;&#x179A;&#x17BC;&#x179C;&#x1793;&#x17B9;&#x1784;&#x1781;&#x17D2;&#x1789;&#x17BB;&#x17C6;&#x179B;&#x17D2;&#x1798;&#x1798; &#x1794;&#x17C9;&#x17BB;&#x1793;&#x17D2;&#x178F;&#x17C2;&#x1787;&#x17BE;&#x1784;&#x1781;&#x17C4;&#x179C;&#x17C2;&#x1784;&#x1796;&#x17C1;&#x1780; &#x17D4; &#x178F;&#x17BE;&#x1781;&#x17D2;&#x1789;&#x17BB;&#x17C6;&#x178F;&#x17D2;&#x179A;&#x17BC;&#x179C;&#x1792;&#x17D2;&#x179C;&#x17BE;&#x1799;&#x17C9;&#x17B6;&#x1784;&#x178E;&#x17B6;&#x178A;&#x17BE;&#x1798;&#x17D2;&#x1794;&#x17B8;&#x1794;&#x17B6;&#x1793;&#x179F;&#x17D2;&#x179B;&#x17C0;&#x1780;&#x1781;&#x17C4;&#x17A2;&#x17B6;&#x179C;&#x1793;&#x17C1;&#x17C7;&#x1793;&#x17C5;&#x1790;&#x17D2;&#x1784;&#x17C3;&#x1785;&#x17BC;&#x179B;&#x1786;&#x17D2;&#x1793;&#x17B6;&#x17C6;&#x1790;&#x17D2;&#x1798;&#x17B8;&#x1781;&#x17B6;&#x1784;&#x1798;&#x17BB;&#x1781;&#x1793;&#x17C1;&#x17C7; ? </subfield>
  </datafield>
  <datafield tag="520" ind1=" " ind2=" ">
    <subfield code="a">Sister has bought me new clothes in the New Year Celebration ! I love the color of my new shirt, but it's much too big to wear . My new trousers fit perfectly in the waist , but the pants length is too long . What should I do?  I want to wear my new clothes for the New Year . </subfield>
  </datafield>
  <datafield tag="521" ind1="8" ind2=" ">
    <subfield code="a">350 
</subfield>
    <subfield code="b">Lexile 
</subfield>
  </datafield>
  <datafield tag="521" ind1="8" ind2=" ">
    <subfield code="a">G 
</subfield>
    <subfield code="b">Raz-Plus 
</subfield>
  </datafield>
  <datafield tag="650" ind1=" " ind2=" ">
    <subfield code="a">&#x1781;&#x17C4;&#x17A2;&#x17B6;&#x179C;&#x1790;&#x17D2;&#x1798;&#x17B8;&#x1781;&#x17D2;&#x1789;&#x17BB;&#x17C6; </subfield>
    <subfield code="v">&#x179A;&#x17BF;&#x1784;&#x1793;&#x17B7;&#x1791;&#x17B6;&#x1793;&#x1780;&#x17BB;&#x1798;&#x17B6;&#x179A;</subfield>
  </datafield>
  <datafield tag="650" ind1=" " ind2=" ">
    <subfield code="a">My new clothes </subfield>
    <subfield code="v">Children's Stories </subfield>
  </datafield>
  <datafield tag="700" ind1=" " ind2=" ">
    <subfield code="a">Chakrya , So </subfield>
    <subfield code="e">Illustrator </subfield>
  </datafield>
  <datafield tag="942" ind1=" " ind2=" ">
    <subfield code="2">ddc</subfield>
    <subfield code="c">KHB</subfield>
    <subfield code="n">0</subfield>
  </datafield>
  <datafield tag="999" ind1=" " ind2=" ">
    <subfield code="c">9390</subfield>
    <subfield code="d">9390</subfield>
  </datafield>
  <datafield tag="952" ind1=" " ind2=" ">
    <subfield code="0">0</subfield>
    <subfield code="1">0</subfield>
    <subfield code="2">ddc</subfield>
    <subfield code="4">0</subfield>
    <subfield code="7">0</subfield>
    <subfield code="8">KH</subfield>
    <subfield code="a">002</subfield>
    <subfield code="b">002</subfield>
    <subfield code="c">TTP Dark Green</subfield>
    <subfield code="d">2025-12-18</subfield>
    <subfield code="l">0</subfield>
    <subfield code="o">PIS PZ7 895.93</subfield>
    <subfield code="p">FISBK04097</subfield>
    <subfield code="r">2025-12-18 11:09:21</subfield>
    <subfield code="w">2025-12-18</subfield>
    <subfield code="y">KHB</subfield>
  </datafield>
</record>
